000
00316pab a2200145 454500
008
180718b xxu||||| |||| 00| 0 eng d
100
_a
Toor N.S.
245
_a
Ombudsman and bank
362
_a
25 Oct 93, p.19
650
_a
Lok Pal
650
_a
Banks
650
_a
Ombudsman
773
_a
Tribune
909
_a
25948
999
_c
25948
_d
25948